Všemi smysly /
Zatímco se její rodina snaží vypořádat s otcovou smrtí, dvacetiletá Ember prožívá milostný vztah s hokejistou.
Uloženo v:
| Série: | Vzlety a pády,
část 1 |
|---|---|
| Hlavní autor: | |
| Další autoři: | |
| Médium: | E-kniha |
| Jazyk: | Czech |
| Vydáno: |
Praha :
Fragment,
2024
|
| Vydání: | 1. vydání |
| Témata: | |
| Příbuzné jednotky: | Z cyklu::
Vzlety a pády |
| Tagy: |
Žádné tagy |
| LEADER | 02517nam a2200469 i 4500 | ||
|---|---|---|---|
| 001 | 312458 | ||
| 003 | CZ PrSKC | ||
| 005 | 20260601215723.0 | ||
| 007 | ta | ||
| 008 | 240729s2024 xr g 000 f cze | ||
| 015 | |a cnb003623768 | ||
| 020 | |a 9788025368046 |q (brožováno) : |c Kč 429,00 | ||
| 035 | |a (OCoLC)1455301946 | ||
| 040 | |a ABG001 |b cze |e rda | ||
| 041 | 1 | |a cze |h eng | |
| 072 | 7 | |a 821.111(73)-3 |x Americká próza |2 Konspekt | |
| 080 | |a 821.111(73)-31 |2 MRF | ||
| 080 | |a (0:82-312.5) |2 MRF | ||
| 100 | 1 | |a Yarros, Rebecca, |d 1981- |7 xx0306981 |4 aut | |
| 240 | 1 | 0 | |a Full measures. |l Česky |
| 245 | 1 | 0 | |a Všemi smysly / |c Rebecca Yarros ; přeložila Eva Brožová |
| 250 | |a 1. vydání | ||
| 264 | 1 | |a Praha : |b Fragment, |c 2024 | |
| 300 | |a 310 stran ; |c 21 cm | ||
| 336 | |a text |b txt |2 rdacontent | ||
| 337 | |a bez média |b n |2 rdamedia | ||
| 338 | |a svazek |b nc |2 rdacarrier | ||
| 500 | |a Přeloženo z angličtiny | ||
| 520 | 2 | |a Zatímco se její rodina snaží vypořádat s otcovou smrtí, dvacetiletá Ember prožívá milostný vztah s hokejistou. |b Dvacetiletá Ember čelí nejtěžší zkoušce svého života: ze dne na den má na starosti tátův pohřeb, zhroucenou mámu i dva mladší sourozence. V lásce to také není žádná sláva... Naštěstí se ale v té správné chvíli zjeví Josh Walker, sexy potetovaný fešák, hokejová hvězda a zároveň její nový soused. Stačí jediný jeho pohled nebo dotek, aby Ember zapomněla na svoji bolest. Když ale vyjde najevo Joshovo tajemství, její svět se otřese. A Ember se musí rozhodnout, jestli zvládne milovat muže, který by ji mohl zničit. Nakladatelská anotace. | |
| 653 | 0 | |a literatura new adult | |
| 655 | 7 | |a americké romány |7 fd131796 |2 czenas | |
| 655 | 7 | |a milostné romány |7 fd132840 |2 czenas | |
| 655 | 9 | |a American fiction |2 eczenas | |
| 655 | 9 | |a love novels |2 eczenas | |
| 700 | 1 | |a Brožová, Eva |7 jn20010309864 |4 trl | |
| 787 | 0 | 8 | |i Z cyklu: |t Vzlety a pády |g 1 |
| 900 | |a ABA001 |b 21 | ||
| 928 | 9 | |a Albatros Media - Fragment | |
| 044 | |a xr | ||
| 910 | |a RBIT002 | ||
| 998 | |d 408110 |a https://core.palmknihy.cz/api/books/408110/cover?sgugw1 |b https://core.palmknihy.cz/api/books/408110/cover/400?sgugw1 |c https://core.palmknihy.cz/api/books/408110/cover/50?sgugw1 |e 2028-08-04 |g 320 |i 9788025368046 |j https://core.palmknihy.cz/api/books/408110/preview.epub |k https://core.palmknihy.cz/api/books/408110/preview.pdf |l |q 49 |r 1 |s https://www.palmknihy.cz/kniha/408110 |t ebook |y 2024 |z 0 |v Vzlety a pády |w 1 | ||
| 999 | |d 312456 | ||